000 00642nas a2200217 4500
001 BR8404990
003 BR-BrBNA
005 20231205090018.0
007 ta
008 230509b bl.|||p| |||| 00| 00por d
040 _aBR-BrBNA
_bpor
_cBiblioteca Nacional de Agricultura
041 _a(Pt)
072 _aF04
100 1 _aArmbruster, D.G.
245 1 _aEfeito do sulfato de amonio na producao de sorgo sacarino
650 _aSULFATO DE AMONIA
650 _aSORGO ACUCAREIRO
773 0 _tRaizes (Brazil)
_xISSN 0101-0956
_g(Nov 1984), v. 9(103) p. 24-25
_wBR8404990
909 _a202311
_bLúcia
_c55
_dLúcia Elande
942 _2AGRIS
_n0
_cANA
999 _c115507
_d115507